000 00738cab a22001935a 4500
001 L152454
008 110309e20110120xxk 000 0 eng d
035 _a(Sirsi) u152454
041 0 _aeng
100 1 _aBoley, James
245 0 0 _aGet the right PPE for the job
_bchoosing high-visibility clothing is about more than just buying something brightly coloured
260 _c2011
490 _aConstruction News
_v(7207) 3 March 2011, 34(1)
520 _aHigh-visibility clothing is ubiquitous on construction sites but there is a real danger that the clothing your staff are wearing is not actually compliant with European standards.
590 _aKA
651 4 _aUnited Kingdom
_y
690 _aHealth and safety
_96244
942 _n0
999 _c82971
_d82971